000 00388nam a22001577a 4500
999 _c257134
_d257133
003 OSt
005 20180803134705.0
008 180803b xxu||||| |||| 00| 0 eng d
020 _a9780136065805
040 _cN/A
100 _aLevine David M
245 _aBusinss Statistics :
_bA first Course
250 _a5th ed
260 _aLondon
_bPearson Education Ltd
_c2009
942 _2lcc
_cBK